Income tax manual : (Record no. 2170)
[ view plain ]
| 000 -LEADER | |
|---|---|
| fixed length control field | 00981nam a22002531a 4500 |
| 001 - CONTROL NUMBER | |
| control field | 2170 |
| 003 - CONTROL NUMBER IDENTIFIER | |
| rucl marc code | BD-RjUL |
| 005 - DATE AND TIME OF LATEST TRANSACTION | |
| control field | 20211208233510.0 |
| 008 - FIXED-LENGTH DATA ELEMENTS--GENERAL INFORMATION | |
| fixed length control field | 160922s19591952p 00100 eng d |
| 020 ## - INTERNATIONAL STANDARD BOOK NUMBER | |
| Terms of availability | : PRs. 2.75 |
| 035 ## - SYSTEM CONTROL NUMBER | |
| System control number | (BD-RjUL)2197 |
| 040 ## - CATALOGING SOURCE | |
| Original cataloging agency | BD-RjUL |
| Language of cataloging | eng |
| Transcribing agency | BD-RjUL |
| 041 ## - LANGUAGE CODE | |
| Language code of text/sound track or separate title | eng |
| 082 ## - DEWEY DECIMAL CLASSIFICATION NUMBER | |
| Classification number | 343.549052 |
| Author mark and year | PAI 1952 |
| Edition number | 23 |
| 110 ## - MAIN ENTRY--CORPORATE NAME | |
| Corporate name or jurisdiction name as entry element | Pakistan. Central Board of Revenue. |
| 9 (RLIN) | 138090 |
| 245 ## - TITLE STATEMENT | |
| Title | Income tax manual : |
| Remainder of title | Corrected up to 30th August,1952 / |
| Statement of responsibility, etc. | Pakistan. Central Board of Revenue. |
| 250 ## - EDITION STATEMENT | |
| Edition statement | 1st ed. |
| 260 ## - PUBLICATION, DISTRIBUTION, ETC. (IMPRINT) | |
| Place of publication, distribution, etc. | Karachi: |
| Name of publisher, distributor, etc. | Manager of Publications,Govt. of Pakistan, |
| Date of publication, distribution, etc. | [1952,1959] |
| 300 ## - PHYSICAL DESCRIPTION | |
| Pagination | Pt. : |
| Illustrations | Ill. ; |
| Size | 24 cm. |
| 500 ## - GENERAL NOTE | |
| General note | "At head of title: Govt. of Pakistan. Central Board of Revenue." |
| 505 0# - FORMATTED CONTENTS NOTE | |
| Formatted contents note | Part. 1-- Part 2, (of the Manual contains the statutory orders, exemptions and rules) -- Pt. 3, (Contains notes on the Income-tax Act, 1922) -- |
| 650 ## - SUBJECT ADDED ENTRY--TOPICAL TERM | |
| Topical term or geographic name as entry element | Income tax |
| Form subdivision | Law and legislation |
| Geographic subdivision | Pakistan. |
| 9 (RLIN) | 157234 |
| 942 ## - ADDED ENTRY ELEMENTS (KOHA) | |
| Source of classification or shelving scheme | Dewey Decimal Classification |
| Koha item type | Rare Books |
| Lost status | Source of classification or shelving scheme | Damaged status | Not for loan | Collection code | Permanent Location | Current Location | Shelving location | Date acquired | Source of acquisition | Cost, normal purchase price | Total Checkouts | Full call number | Date last seen | Copy number | Koha item type |
|---|---|---|---|---|---|---|---|---|---|---|---|---|---|---|---|
| Dewey Decimal Classification | Not For Loan | Rare Books | Central Library, University of Rajshahi | Central Library, University of Rajshahi | Rare Book Section | 04/05/1955 | C. P. Branch, Dhaka | 2.75 | RA 343.549052 PAI Pt.(2-3) 1952 | 22/09/2016 | C-1 | Rare Books | |||
| Dewey Decimal Classification | Not For Loan | Non-fiction | Central Library, University of Rajshahi | Central Library, University of Rajshahi | Reading Room | 16/06/1960 | Miza Book Agence | 2.00 | RA 343.549052 PAI Pt-1 1959 | 24/08/2021 | C-1 | Rare Books |